000 00351nam a2200145Ia 4500
100 _aAdam .J.T
650 _aElectrical Engineering
942 _cBK
654 _aElectrical Handbook
245 _aElectricity & Electrial Appliances Handbook
260 _bArco Publication
_aNew York
_c1976
082 _a621.3
300 _a617
546 _aENGLISH
999 _c28183
_d28183